000 00413nam a2200181Ia 4500
005 20240823020801.0
008 240823s9999||||xx |||||||||||||| ||und||
041 _aENGLISH
082 _A624.12 P7
100 _aG K Publishers
245 0 _aGATE 2007: Civil Engineering
250 _a1st
260 _c2007
_b#VALUE!
500 _aTRANSFERED
650 _aCIVIL
_bGeneral
942 _cBK
999 _c175552
_d175552